Iphigénie en Tauride
Enregistré dans:
| Auteur principal: | |
|---|---|
| Format: | Livre |
| Langue: | français allemand |
| Publié: |
París
Montaigne
1950
|
| Collection: | Collection Bilingue des Classiques Etrangers
|
| Sujets: | |
| Tags: |
Ajouter un tag
Pas de tags, Soyez le premier à ajouter un tag!
|
MARC
| LEADER | 00000nam a2200000 a 4500 | ||
|---|---|---|---|
| 001 | UCO5377 | ||
| 003 | CL-VaPUC | ||
| 008 | 000901e19500000FR |||||||||||||||||fre|d | ||
| 041 | 0 | 7 | |a fre |2 CL-VaPUC |
| 041 | 0 | 7 | |a ger |2 CL-VaPUC |
| 082 | 0 | 4 | |a 832 |b GOE |2 21 |
| 100 | |a Goethe, Johann Wolfgang von, |d 1749-1832 |e autor |9 265453 | ||
| 245 | 1 | 0 | |a Iphigénie en Tauride |
| 246 | 1 | 0 | |a Iphigenie auf Tauris |
| 300 | |a 72 p | ||
| 942 | |c BK | ||
| 945 | |d 20000901 00:00:00 |a crobeson | ||
| 260 | |a París |b Montaigne |c 1950 | ||
| 650 | 0 | |a Dramas alemanes |9 266681 | |
| 650 | 0 | |a Literatura alemana |9 265457 | |
| 583 | |a last modification |c 20000901 00:00:00 |k Rodrigo Vera | ||
| 490 | 0 | |a Collection Bilingue des Classiques Etrangers | |
| 999 | |c 291244 |d 291242 | ||
| 952 | |0 0 |1 0 |2 ddc |4 0 |6 832_000000000000000_GOE_1950 |7 0 |8 A |9 341044 |a BIBART |b BIBART |d 2019-11-20 |i 1219642 |o 832 GOE 1950 |p 1219642 |r 2019-11-20 |w 2019-11-20 |y BK |k ART | ||